Monitorovanie aktivít spoločenského zvieraťa prostredníctvom nositeľného zariadenia

Na minha lista:
Detalhes bibliográficos
Autor principal: Peško, Michal (Author)
Outros Autores: Ďuďák, Juraj (Thesis advisor)
Formato: Manuscrito Livro
Idioma:eslovaco
Publicado em: 2025
Assuntos:
Acesso em linha:http://is.stuba.sk/zp/portal_zp.pl?podrobnosti=183927
Tags: Adicionar Tag
Sem tags, seja o primeiro a adicionar uma tag!

MARC

LEADER 00000ntm a22000003a 4500
001 stuzp104034
003 SK-STU
005 20250614212526.2
007 ta
008 150427s2015----xo-----f-mn---000-0-slo-d
040 |a STU  |b slo 
041 0 |a slo 
100 1 |a Peško, Michal  |u 066000  |4 aut  |U MTF Materiálovotechnologická fakulta  |T MTF Ústav aplikovanej informatiky, automatizácie a mechatroniky  |X 127790  |U M6000  |Y 86  |7 127790 
242 0 1 |a Pet activity monitoring via a wearable device  |y eng 
245 1 0 |a Monitorovanie aktivít spoločenského zvieraťa prostredníctvom nositeľného zariadenia 
260 |c 2025 
650 4 |a accelerometer  |2 eng 
650 4 |a 1D-CNN  |2 eng 
650 4 |a Edge AI  |2 eng 
650 4 |a pet activity recognition  |2 eng 
650 4 |a akcelerometer  |2 slo 
650 4 |a 1D-CNN  |2 slo 
650 4 |a Edge AI  |2 slo 
650 4 |a rozpoznávanie aktivít zvierat  |2 slo 
700 1 |a Ďuďák, Juraj  |u 066000  |k Z1  |4 ths  |U MTF Materiálovotechnologická fakulta  |T MTF Ústav aplikovanej informatiky, automatizácie a mechatroniky  |X 53397  |U M6000  |Y 86  |7 A000053397 
856 4 |u http://is.stuba.sk/zp/portal_zp.pl?podrobnosti=183927 
996 |c M* DP-15627  |l MMSKP  |s P  |a 0  |w stuzp104034_0001